| 000 | 00449cam a2200181ua 4500 | ||
|---|---|---|---|
| 020 | _c1.50 | ||
| 041 |
_amal _h |
||
| 082 |
_a923.5 _bMUL/BA |
||
| 100 | _aPrasannan, G Mullassery . | ||
| 245 |
_aBaden Powell / _cMullassery Prasannan G. _hTextual Documents |
||
| 250 |
_a1 / _b. |
||
| 260 |
_aKottayam : _bVidyarthi Mithram Book Depo , _c1965. |
||
| 300 | _a85 ; . | ||
| 365 | _a1.50 | ||
| 504 | _a | ||
| 942 | _cBK | ||
| 999 |
_c6131 _d6131 |
||